Liste des jeux Mass Effect - Statistiques

Statistiques générales
  • Ce quiz a été pris 40 fois
  • Le résultat moyen est 4 sur 6
Statistiques - réponses
Localisation Période Année Réponse % Correct
Citadelle, Virmire, Ilos... 2183 2007 Mass Effect
100%
Citadelle, Omega, Illium 2185-2186 2010 Mass Effect 2
100%
Terre, Tuchanka, Rannoch, Citadelle... 2186 2012 Mass Effect 3
100%
Eos, Voeld, Kadara... 2819 2017 Mass Effect: Andromeda
97%
Voie lactée Futur 2009 Mass Effect Galaxy
19%
Voie lactée Futur 2012 Mass Effect: Infiltrator
17%
Aucun quiz correspondant
Distribution des résultats
% des personnes avec chaque résultat
Percentile par nombre de réponses
Votre historique - résultats
Vous n’avez pas pris ce quiz